You are fired : (Record no. 5498)

MARC details
000 -LEADER
fixed length control field 00503 a2200181 4500
010 ## - LCCN (DPL NO)
LC control number ENG-86885
020 ## - INTERNATIONAL STANDARD BOOK NUMBER
Terms of availability 350.00
International Standard Book Number 8181573501
035 ## - SYSTEM CONTROL NUMBER
System control number EN-70418
037 ## - SOURCE OF ACQUISITION
Source of stock number/acquisition DBAD / PUB
082 14 - DEWEY DECIMAL CLASSIFICATION NUMBER
Classification number N
100 1# - MAIN ENTRY--PERSONAL NAME
Personal name Ghosh, Priyo
245 1# - TITLE STATEMENT
Title You are fired :
Statement of responsibility, etc by Priyo Ghosh
Remainder of title a novel /
260 ## - PUBLICATION, DISTRIBUTION, ETC. (IMPRINT)
Place of publication, distribution, etc Kolkata
Name of publisher, distributor, etc Writers Workshop
Date of publication, distribution, etc 2005
270 ## - ADDRESS
Address 162/92, Lake Gardens,
City Kolkata
State or province W.B.
Postal code 110 045
300 ## - PHYSICAL DESCRIPTION
Extent 340p
Dimensions 22cm (Hb)
490 ## - SERIES STATEMENT
Series statement Writers workshop greenbird book
942 ## - ADDED ENTRY ELEMENTS (KOHA)
Institution code [OBSOLETE] dpl
Item type English Books
Source of classification or shelving scheme Dewey Decimal Classification
Classification part N
Call number suffix GHO
Holdings
Withdrawn status Lost status Not for loan Collection code Home library Current library Source of acquisition Cost, normal purchase price Full call number Barcode Copy number Cost, replacement price Koha item type
    Not For Loan Fiction D.B.Act.Division D.B.Act.Division DBAD/PUB 350.00 N GHO EN-70418 1 350.00 English Books

© Delhi Public Library
Hit Counter
free hit counter